书目信息 |
| 题名: |
电化教育学
|
|
| 作者: | 南国农 , 李运林 主编 | |
| 分册: | ||
| 出版信息: | 北京 高等教育出版社 1998.8 |
|
| 页数: | 425页 | |
| 开本: | 20cm | |
| 丛书名: | ||
| 单 册: | ||
| 中图分类: | G431 | |
| 科图分类: | ||
| 主题词: | 视听教育 | |
| 电子资源: | ||
| ISBN: | 7-04-006372-7 | |
| 000 | 00629nam0 2200229 45 | |
| 001 | 0012041495 | |
| 005 | 20041108155134.0 | |
| 010 | @a7-04-006372-7@dCNY13.30 | |
| 100 | @a20001204d1998 km y0chiy0120 ea | |
| 101 | 0 | @achi |
| 105 | @a z 000yy | |
| 200 | 1 | @a电化教育学@ADian Hua Jiao Yu Xue@f南国农,李运林主编@FNan Guo Nong,Li Yun Lin Zhu Bian |
| 205 | @a2版 | |
| 210 | @a北京@c高等教育出版社@d1998.8 | |
| 215 | @a425页@d20cm | |
| 300 | @a高等学校教材 | |
| 606 | 0 | @a视听教育 |
| 690 | @aG431@v1 | |
| 701 | 0 | @a南国农@4主编 |
| 701 | 0 | @a李运林@4主编 |
| 801 | @aCN@bTSTC@c20001204 | |
| 905 | @b293575-577@dG431@e11=2@f3 | |
| 电化教育学/南国农,李运林主编.-2版.-北京:高等教育出版社,1998.8 |
| 425页;20cm |
| 高等学校教材 |
| ISBN 7-04-006372-7:CNY13.30 |
| ● |
| 相关链接 |
|
|
|
|
正题名:电化教育学
索取号:G431/11=2
 
预约/预借
| 序号 | 登录号 | 条形码 | 馆藏地/架位号 | 状态 | 备注 |
| 1 | 0293575 | 002935756 | 密集书库/ [索取号:G431/11=2] | 在馆 | |
| 2 | 0293576 | 002935765 | 密集书库/ [索取号:G431/11=2] | 在馆 | |
| 3 | 0293577 | 002935774 | 密集书库/ [索取号:G431/11=2] | 在馆 |